Name Drawn Black and White Flags - Statistics

General Stats
  • This quiz has been taken 15 times
  • The average score is 8 of 10
Answer Stats
Picture Answer % Correct
Argentina
100%
South Korea
100%
India
85%
Nepal
77%
North Korea
77%
Vietnam
77%
Liberia
69%
Democratic Republic of The Congo
62%
Chile
54%
Palau
54%
No matching quizzes found
Score Distribution
Percent of People with Each Score
Percentile by Number Answered
Your Score History
You have not taken this quiz